| LEADER 00000nam 2200000uu 4500 |
| 001 213702 |
| 003 ULIBM |
| 008 230810s||||||||th 000 0 tha d |
| 020 ^a978-616-426-138-9
|
| 040 ^abcnkk
|
| 041 ^atha
|
| 060 04 ^aWL100^bอ446 2562
|
| 100 0 ^aอรระวี คงสมบัติ
|
| 245 10 ^aพื้นฐานระบบประสาทและเทคนิควิธีวิจัยทางประสาทวิทยาศาสตร์ /^cอรระวี คงสมบัติ
|
| 246 31 ^aA principle of nervous system and research techniques inneuroscience
|
| 260 ^aพิษณุโลก :^bสำนักพิมพ์มหาวิทยาลัยนเรศวร,^c2562
|
| 300 ^a138 หน้า :^bภาพประกอบ ;^c22 ซม.
|
| 650 2 ^aNervous System
|
| 650 2 ^aNeuroscience^xResearch
|
| 650 4 ^aระบบประสาท
|
| 650 4 ^aประสาทวิทยาศาสตร์^xวิจัย
|
| 999 ^aใช้งานได้ทุกระบบ
|